000 00599nam a2200241 a 4500
001 nice12345678
003 IN_TiNIC
005 20260116013557.0
008 050524s1983 lona grp 000 0 eng
020 _a
_c100
082 0 0 _a297.4
_bQUN
100 _aQunavi, Sadruddin
245 _aReflections of the Awakened
_bmirat`l-Arifin
260 _aLondon
_bZahra Trust
_c1983
300 _a48p
500 _aincludes index and biblioraphy
505 2 _aSelected Bibliography, Index
650 _aSufism
650 _aMirat`l-Arifeen
902 _bSRS
942 _cBK
999 _c11532
_d11532